All this I will give to you / a production of ... Read More
Available copies
- 1 of 1 copy available at LARL/NWRL Consortium. (Show)
- 1 of 1 copy available at Northwest Regional Library.
Current holds
0 current holds with 1 total copy.
Show Only Available Copies
| Location | Call Number / Copy Notes | Barcode | Shelving Location | Status | Due Date |
|---|---|---|---|---|---|
| Roseau Public Library | DVD ALL (Text) | 35500006390940 | Main | Available | - |
Record details
- Physical Description: 2 videodiscs (271 min.) : sound, color ; 4 3/4 in.
- Publisher: [Fairfax, VA] : MHZ Networks Home Entertainment, [2024]
Content descriptions
| General Note: | Based on the bestselling nove by Dolores Redondo. |
| Formatted Contents Note: | Disc 1: Episodes 1-3 -- Disc 2: Episodes 4-6. |
| Creation/Production Credits Note: | Original music by Erwann Kermorvant. Réalisé par Nicolas Guicheteau ; musique ... Read More |
| Participant or Performer Note: | David Kammenos, Bruno Solo, Aurélien Wiik, Nicole ... Read More |
| Date/Time and Place of an Event Note: | Originally broadcast as episodes of a television ... Read More |
| Summary, etc.: | Renowned Parisian author Manuel finds himself not ... Read More |
| System Details Note: | DVD, 16:9 wide screen; region 1. |
| Language Note: | French dialogue; English subtitles. |
| Source of Description Note: | Title from disc surface. |
Search for related items by subject
| Subject: | Vineyards > France > Aix-en-Provence > Drama. Gay couples > France > Aix-en-Provence > Drama. Authors > Drama. Family secrets > Drama. Death > Drama. |
| Genre: | Television crime shows. Television series. Fiction television programs. Television programs. |
| LDR | 04446cgm a2200901 i 4500 | ||
|---|---|---|---|
| 001 | 463787 | ||
| 003 | LARL_NWRL_CONSORTIUM | ||
| 005 | 20250522094947.0 | ||
| 008 | 240730s2024 vau271 vlfre d | ||
| 007 | vd cvaizq | ||
| 040 | . | ‡aTEFMT ‡beng ‡erda ‡cTEFMT ‡dTEF ‡dOCLCO ‡dGK8 ‡dOCLCO ‡dAZH ‡dUOK ‡dTOH ‡dOTP ‡dYEQ ‡dOCLCO ‡dVP@ ‡dIKG | |
| 019 | . | ‡a1459758384 | |
| 024 | 1 | . | ‡a738329267704 |
| 024 | 7 | . | ‡a00738329267704 ‡2gtin-14 |
| 028 | 4 | 2. | ‡aK26770 ‡bMHz Networks |
| 033 | 0 | 1. | ‡a2023---- |
| 035 | . | ‡a(OCoLC)1450397339 ‡z(OCoLC)1459758384 | |
| 037 | . | ‡bMidwest Tape ‡nhttp://www.midwesttapes.com | |
| 041 | 1 | . | ‡afre ‡jeng ‡hfre |
| 043 | . | ‡ae-fr--- | |
| 082 | 0 | 4. | ‡a791.45/72 ‡223/eng/20240806 |
| 130 | 0 | . | ‡aTout cela je te le donnerai (Television program) |
| 245 | 1 | 0. | ‡aAll this I will give to you / ‡ca production of Incognita and Las Niñas Pictures ; a co-production with Room 237 and HDC ; and a co-production with France Televisions ; directed by Nicolas Guicheteau; screenplay by Françoise Chappiat, Karine Lollichon, and Pascal Fontanielle. |
| 257 | . | ‡aFrance ‡2naf | |
| 264 | 1. | ‡a[Fairfax, VA] : ‡bMHZ Networks Home Entertainment, ‡c[2024] | |
| 300 | . | ‡a2 videodiscs (271 min.) : ‡bsound, color ; ‡c4 3/4 in. | |
| 336 | . | ‡atwo-dimensional moving image ‡btdi ‡2rdacontent | |
| 337 | . | ‡avideo ‡bv ‡2rdamedia | |
| 338 | . | ‡avideodisc ‡bvd ‡2rdacarrier | |
| 340 | . | ‡b4 3/4 in. | |
| 340 | . | ‡gpolychrome ‡2rdacc | |
| 344 | . | ‡adigital ‡2rdatr | |
| 344 | . | ‡boptical ‡2rdarm | |
| 345 | . | ‡c16:9 | |
| 345 | . | ‡dwide screen ‡2rdaar | |
| 347 | . | ‡avideo file ‡2rdaft | |
| 347 | . | ‡bDVD video | |
| 347 | . | ‡eregion 1 ‡2rdare | |
| 380 | . | ‡aTelevision programs ‡2lcgft | |
| 538 | . | ‡aDVD, 16:9 wide screen; region 1. | |
| 546 | . | ‡aFrench dialogue; English subtitles. | |
| 588 | 0 | . | ‡aTitle from disc surface. |
| 511 | 1 | . | ‡aDavid Kammenos, Bruno Solo, Aurélien Wiik, Nicole Calfan, Annie Grégorio, Louise Monot. |
| 518 | . | ‡aOriginally broadcast as episodes of a television program in 2023. | |
| 500 | . | ‡aBased on the bestselling nove by Dolores Redondo. | |
| 520 | . | ‡aRenowned Parisian author Manuel finds himself not only grief-stricken but intensely confused at the death of his husband Aymeric, who was on a French rural country road when he said he was on a business trip to Brussels, and was apparently the son of a wealthy landowner, as Manuel has inherited the family estate including vineyards, a castle, and a large staff. When he arrives in Aix-en-Provence, Aymeric's family coldly shut him out, denying his ability to inherit and getting angry when he suggests his husband's death may not have been an accident, especially when he befriends local retired policeman Saugier, who seems eager to investigate. | |
| 508 | . | ‡aOriginal music by Erwann Kermorvant. | |
| 508 | . | ‡aRéalisé par Nicolas Guicheteau ; musique originale, Erwann Kermorvant. | |
| 505 | 0 | . | ‡aDisc 1: Episodes 1-3 -- Disc 2: Episodes 4-6. |
| 650 | 0. | ‡aVineyards ‡zFrance ‡zAix-en-Provence ‡vDrama. | |
| 650 | 0. | ‡aGay couples ‡zFrance ‡zAix-en-Provence ‡vDrama. | |
| 650 | 0. | ‡aAuthors ‡vDrama. ‡0(LARL_NWRL_CONSORTIUM)163582 | |
| 650 | 0. | ‡aFamily secrets ‡vDrama. | |
| 650 | 0. | ‡aDeath ‡vDrama. ‡0(LARL_NWRL_CONSORTIUM)171820 | |
| 655 | 7. | ‡aTelevision crime shows. ‡2lcgft ‡0(LARL_NWRL_CONSORTIUM)175791 | |
| 655 | 7. | ‡aTelevision series. ‡2lcgft ‡0(LARL_NWRL_CONSORTIUM)175797 | |
| 655 | 7. | ‡aFiction television programs. ‡2lcgft ‡0(LARL_NWRL_CONSORTIUM)175627 | |
| 655 | 7. | ‡aTelevision programs. ‡2lcgft ‡0(LARL_NWRL_CONSORTIUM)175822 | |
| 700 | 1 | . | ‡aGuicheteau, Nicolas, ‡etelevision director. |
| 700 | 1 | . | ‡aCharpiat, Françoise, ‡escreenwriter, ‡eadaptor. |
| 700 | 1 | . | ‡aLollichon, Karine, ‡escreenwriter. |
| 700 | 1 | . | ‡aKammenos, David, ‡eactor. |
| 700 | 1 | . | ‡aSolo, Bruno, ‡d1964- ‡eactor. |
| 700 | 1 | . | ‡aWiik, Aurélien, ‡d1980- ‡eactor. |
| 700 | 1 | . | ‡iBased on (work): ‡aRedondo, Dolores, ‡d1969- ‡tTodo esto te daré. |
| 710 | 2 | . | ‡aMHZ Networks Home Entertainment (Firm), ‡epubisher. |
| 901 | . | ‡a463787 ‡bAUTOGEN ‡c463787 ‡tbiblio | |

Add to basket
Permalink
Disable Highlighting